Southville International School and Colleges
Your cart is empty.
  • Cart
  • Lists
    Public lists Eva Luna New books Lux_list list_1
    Your lists Log in to create your own lists
  • Log in to your account
  • Your cookies
  • Search history
Southville International School and Colleges
  • Advanced search
  • Recent comments
  • Most popular
  • Libraries

Log in to your account

Log in with GOOGLE


If you do not have an external account, but do have a local account, you can still log in:

  1. Home
  2. MARC view: Music preferences and social skills of grade 7 students of Southville International School and Colleges /
Normal view MARC view ISBD view

Music preferences and social skills of grade 7 students of Southville International School and Colleges / (Record no. 275582)

[ view plain ]
MARC details
000 -LEADER
fixed length control field 00851nam a22002297a 4500
003 - CONTROL NUMBER IDENTIFIER
control field 0
005 - DATE AND TIME OF LATEST TRANSACTION
control field 20250131135526.0
008 - FIXED-LENGTH DATA ELEMENTS--GENERAL INFORMATION
fixed length control field 140923b xxu||||| |||| 00| 0 eng d
050 ## - LIBRARY OF CONGRESS CALL NUMBER
Classification number PGS ML 3918.S63
Item number .Ab155 2014
100 ## - MAIN ENTRY--PERSONAL NAME
Personal name Aboughaula, Alyah L.
245 ## - TITLE STATEMENT
Title Music preferences and social skills of grade 7 students of Southville International School and Colleges /
Statement of responsibility, etc Alyah L. Aboughaula.
260 ## - PUBLICATION, DISTRIBUTION, ETC. (IMPRINT)
Place of publication, distribution, etc Las Piñas City, Philippines :
Name of publisher, distributor, etc Southville International School and Colleges,
Date of publication, distribution, etc 2014.
300 ## - PHYSICAL DESCRIPTION
Extent 30 p. :
Other physical details ill. ;
Dimensions 28 cm.
504 ## - BIBLIOGRAPHY, ETC. NOTE
Bibliography, etc Includes bibliographical references.
650 ## - SUBJECT ADDED ENTRY--TOPICAL TERM
Topical term or geographic name as entry element Music
Form subdivision Social aspects.
650 ## - SUBJECT ADDED ENTRY--TOPICAL TERM
Topical term or geographic name as entry element Music
Form subdivision Psychological aspects.
650 ## - SUBJECT ADDED ENTRY--TOPICAL TERM
Topical term or geographic name as entry element Music preferences
Form subdivision Social aspects.
650 ## - SUBJECT ADDED ENTRY--TOPICAL TERM
Topical term or geographic name as entry element Social skills in adolescence.
650 ## - SUBJECT ADDED ENTRY--TOPICAL TERM
Topical term or geographic name as entry element Music
Form subdivision Effect on behavior.
942 ## - ADDED ENTRY ELEMENTS (KOHA)
Source of classification or shelving scheme Library of Congress Classification
Koha item type PASS
Holdings
Withdrawn status Lost status Source of classification or shelving scheme Damaged status Home library Current library Shelving location Date acquired Source of acquisition Total Checkouts Full call number Barcode Date last seen Price effective from Koha item type
    Library of Congress Classification   Luxembourg Library Luxembourg Library Portfolio Assessment of SISC Students Section 09/23/2014 Donation   PGS ML 3918.S63 .Ab155 2014 P3210 09/23/2014 09/23/2014 PASS

Music preferences and social skills of grade 7 students of Southville International School and Colleges /

APA

Aboughaula A. L., . (2014). Music preferences and social skills of grade 7 students of Southville International School and Colleges. Las Piñas City, Philippines: Southville International School and Colleges.

Chicago

Aboughaula Alyah L, . 2014. Music preferences and social skills of grade 7 students of Southville International School and Colleges. Las Piñas City, Philippines: Southville International School and Colleges.

Harvard

Aboughaula A. L., . (2014). Music preferences and social skills of grade 7 students of Southville International School and Colleges. Las Piñas City, Philippines: Southville International School and Colleges.

MLA

Aboughaula Alyah L, . Music preferences and social skills of grade 7 students of Southville International School and Colleges. Las Piñas City, Philippines: Southville International School and Colleges. 2014.

  • Print
  • Cite
  • Add to your cart (remove)
  • Save record
    BIBTEX Dublin Core MARCXML MARC (non-Unicode/MARC-8) MARC (Unicode/UTF-8) MARC (Unicode/UTF-8, Standard) MODS (XML) RIS
  • More searches
    Search for this title in:
    Other Libraries (WorldCat) Other Databases (Google Scholar) Online Stores (Bookfinder.com) Open Library (openlibrary.org)

Exporting to Dublin Core...

SOUTHVILLE LIBRARY

Southville International School and Colleges Library

1281 Tropical Ave. Cor. Luxembourg St., BF Homes International, Las Pinas City

Tel. No. 8256374 / 252358 Loc. 117/146

Powered by Koha